| Tag |
First Indicator |
Second Indicator |
Subfields |
| LEADER |
00000cam a22000001 4500 |
| 001 |
in00000192813 |
| 005 |
20151009052206.0 |
| 008 |
711020s1968 caugh b 00010aeng d |
| 010 |
|
|
|a 67022769
|
| 035 |
|
|
|a (OCoLC)00646018
|
| 035 |
|
|
|9 AAV9507AM
|
| 040 |
|
|
|a DLC
|c DLC
|d TXA
|d UtOrBLW
|
| 049 |
|
|
|a TXAM
|c [481885]
|
| 050 |
0 |
0 |
|a ML410.S93
|b A4783 1968b
|
| 082 |
0 |
|
|a 782.1/0924
|
| 100 |
1 |
|
|a Rolland, Romain,
|d 1866-1944.
|
| 240 |
1 |
0 |
|a Correspondence. English
|
| 245 |
1 |
0 |
|a Richard Strauss & Romain Rolland ;
|b correspondence. Together with fragments from the diary of Romain Rolland and other essays and an introd. by Gustave Samazeuilh /
|c Edited and annotated with a pref. by Rollo Myers.
|
| 264 |
|
1 |
|a Berkeley :
|b University of California Press,
|c 1968.
|
| 300 |
|
|
|a xvi, 239 pages :
|b facsimiles, music. ;
|c 21 cm.
|
| 336 |
|
|
|a text
|b txt
|2 rdacontent
|
| 337 |
|
|
|a unmediated
|b n
|2 rdamedia
|
| 338 |
|
|
|a volume
|b nc
|2 rdacarrier
|
| 504 |
|
|
|a Includes bibliographical references.
|
| 600 |
1 |
0 |
|a Rolland, Romain,
|d 1866-1944.
|
| 700 |
1 |
|
|a Strauss, Richard,
|d 1864-1949.
|
| 700 |
1 |
|
|a Myers, Rollo H.
|
| 999 |
|
|
|a MARS
|
| 999 |
f |
f |
|s 389f7389-5f9f-3752-b301-005453c1a131
|i 6d64d6b8-a315-3400-bb0e-291298ea853b
|t 0
|
| 952 |
f |
f |
|p ric
|a Texas A&M University
|b Rellis Campus
|c Joint Library Facility
|d Remote Storage
|t 0
|e ML410.S93 A4783 1968b
|h Library of Congress classification
|i unmediated -- volume
|m A14803358140
|
| 998 |
f |
f |
|a ML410.S93 A4783 1968b
|t 0
|l Remote Storage
|